| 000 | 00501nam a22001697a 4500 | ||
|---|---|---|---|
| 003 | BD-ChCU | ||
| 005 | 20251215143043.0 | ||
| 008 | 251215b bg ||||| |||| 00| 0 ben d | ||
| 040 | _cBD-ChCU | ||
| 082 | _a330.01 STW | ||
| 100 |
_aStocking , George W. _918195 |
||
| 245 |
_aWorkable competition and antitrust policy ./ _cW. George , Stocking . |
||
| 260 |
_aNashville : _bVanderbilt Univ. press _cC 1966 |
||
| 300 | _avii , 451p | ||
| 650 | 0 |
_aEconomics , Theory of . _918197 |
|
| 942 |
_2ddc _cBK _n0 |
||
| 999 |
_c110478 _d110478 |
||